Riadenie výrobných procesov 2 : Identifikácia, stabilizácia a optimalizácia spojitých výrobných procesov /

Salvato in:
Dettagli Bibliografici
Autore principale: Cirák, Július, 1953- (Autore)
Natura: Libro
Lingua:slovacco
Pubblicazione: Bratislava : STU v Bratislave, 1977
Edizione:2.vyd.
Tags: Aggiungi Tag
Nessun Tag, puoi essere il primo ad aggiungerne!!

MARC

LEADER 00000nam a22000003a 4500
001 stu6900
005 20150617225809.0
008 940721s1977----cs------------------slo-d
040 |a STU  |b slo 
041 0 |a slo 
044 |a cs 
100 1 |a Cirák, Július,  |d 1953-  |4 aut  |u E060  |U FEI Fakulta elektrotechniky a informatiky  |T FEI Ústav jadrového a fyzikálneho inžinierstva  |X 2035  |U E060  |Y 817  |7 A000002035 
245 1 |a Riadenie výrobných procesov 2 :  |b Identifikácia, stabilizácia a optimalizácia spojitých výrobných procesov /  |c [aut.] Cirák,Július 
250 |a 2.vyd. 
260 |a Bratislava :  |b STU v Bratislave,  |c 1977 
300 |a 309 s 
996 |b E40070  |c E*40070  |l EE01  |s A  |a 24  |w stu6900_0001